World Map Projections - Statistics

General Stats
  • This quiz has been taken 39 times
  • The average score is 2 of 20
Answer Stats
Picture Answer % Correct
Mercator
100%
Robinson
37%
Gall–Peters
20%
Dymaxion Map
17%
Goode Homolosine
10%
Cassini–Soldner
7%
Winkel Triple
7%
Azimuthal Equidistant Projection
3%
Eckert II
3%
Eckert IV
3%
Eckert VI
3%
Octant Projection
3%
Werner
3%
Armadillo
0%
Atlantis
0%
AuthaGraph Projection
0%
Collignon
0%
Hammer-Wagner
0%
Nicolosi Globular Projection
0%
Peirce Quincuncial
0%
No matching quizzes found
Score Distribution
Percent of People with Each Score
Percentile by Number Answered
Your Score History
You have not taken this quiz